| 000 | 00514nam a2200181Ia 4500 | ||
|---|---|---|---|
| 005 | 20250326142522.0 | ||
| 008 | 250326s9999 xx 000 0 und d | ||
| 037 | _aTextbook | ||
| 040 |
_aFMSL _beng _cFMSL |
||
| 041 |
_aeng _2eng |
||
| 084 |
_aX:512ogSNI M8 _qFMSL |
||
| 100 | _aHersey P | ||
| 245 | 0 |
_aSelling : A beganzioral science approach _cHersey P |
|
| 260 |
_aEnglewood _bEnglewood, Prentice Hall _c1988 |
||
| 300 | _a222p | ||
| 942 |
_cTB _hX:512ogSNI M8 |
||
| 999 |
_c1295408 _d1295408 |
||